LIBRARY & INFORMATION CENTRE, KCAET, TAVANUR

ONLINE PUBLIC ACCESS CATALOGUE (OPAC)

Civil engineering hydraulics: Essential theory with worked examples / (Record no. 7390)

MARC details
000 -LEADER
fixed length control field 00536cam a2200193ua 4500
020 ## - INTERNATIONAL STANDARD BOOK NUMBER
ISBN 0-00-383245-7
041 ## - LANGUAGE CODE
Language code of text/sound track or separate title eng
082 ## - DEWEY DECIMAL CLASSIFICATION NUMBER
Classification number 532.01624
Item number FEA/CI
100 ## - MAIN ENTRY--AUTHOR NAME
Personal name Featherstone, R E .
245 ## - TITLE STATEMENT
Title Civil engineering hydraulics: Essential theory with worked examples /
250 ## - EDITION STATEMENT
Edition statement 1 /
260 ## - PUBLICATION, DISTRIBUTION, ETC. (IMPRINT)
Place of publication London :
Name of publisher English Language Book Society ,
Year of publication 1985.
300 ## - PHYSICAL DESCRIPTION
Number of Pages 371 ; .
700 1# - ADDED ENTRY--PERSONAL NAME
Personal name Nalluri, C .
942 ## - ADDED ENTRY ELEMENTS (KOHA)
Koha item type Books
Holdings
Withdrawn status Lost status Damaged status Home library Current library Date acquired Full call number Accession Number Koha item type
      KAUAET KAUAET 07/04/2012 532.01624 FEA/CI 15921 Books
      KAUAET KAUAET 09/03/1987 532.01624 FEA/CI 16055 Books
free website counter